[Event "Hurtigskak DM 2023"]
[Site "Hvidovre"]
[Date "2023.05.13"]
[Round "1.1"]
[White "Pedersen, Jan Nordenbaek"]
[Black "Andersen, Mads"]
[Result "1-0"]
[WhiteElo "2148"]
[BlackElo "2615"]
[PlyCount "127"]
[EventDate "2023.05.13"]
[EventType "swiss"]
[EventRounds "7"]
[EventCountry "DEN"]
[SourceTitle "Live v. Kasper Jerwiarz"]

1. e4 e5 2. Nf3 Nc6 3. Bc4 Nf6 4. d3 Bc5 5. O-O a6 6. c3 d6 7. a4 Ba7 8. Be3
Bxe3 9. fxe3 Ne7 10. Qe1 c6 11. a5 Ng6 12. Nbd2 d5 13. exd5 cxd5 14. Bb3 O-O
15. Nh4 Re8 16. Kh1 Rb8 17. Ba4 Re7 18. b4 Qd6 19. Nf5 Bxf5 20. Rxf5 Rc8 21.
Nb3 e4 22. d4 Ng4 23. Rh5 f5 24. g3 Rf8 25. Nc5 Nh8 26. Ra2 g6 27. Rh4 g5 28.
Rh3 Kg7 29. Rb2 Qc7 30. Bb3 Nf6 31. Qf1 Qc8 32. Rf2 Ng4 33. Re2 Qc6 34. Ba4 Qd6
35. Bd1 Ng6 36. Re1 Ref7 37. Rh5 h6 38. c4 Nf6 39. cxd5 Nxd5 40. Bb3 Nge7 41.
Nxb7 Qxb4 42. Nc5 Kg6 43. Rh3 Rd8 44. Qxa6+ Rf6 45. Qe2 Kg7 46. a6 Nc7 47. Rf1
Qb6 48. Qa2 Kh7 49. Qa4 Qa7 50. Qa2 Qb6 51. Qa4 Qa7 52. Qa2 Rb6 53. Bc4 Rf6 54.
g4 Qb6 55. gxf5 Rxf5 56. Rxf5 Nxf5 57. Qb3 Qa5 58. Qd1 Qc3 59. Qe2 Nxd4 60.
exd4 Qxh3 61. Qxe4+ Kh8 62. Qe5+ Kh7 63. Qxc7+ Kg6 64. Qf7# 1-0

[Event "Hurtigskak DM 2023"]
[Site "Hvidovre"]
[Date "2023.05.13"]
[Round "1.2"]
[White "Hector, Jonny"]
[Black "Petersen, Peter Birk"]
[Result "1-0"]
[WhiteElo "2474"]
[BlackElo "2161"]
[PlyCount "105"]
[EventDate "2023.05.13"]
[EventType "swiss"]
[EventRounds "7"]
[EventCountry "DEN"]
[SourceTitle "Live v. Kasper Jerwiarz"]

1. d4 Nf6 2. Nc3 d5 3. Bg5 c6 4. Nf3 Bf5 5. e3 e6 6. Bd3 Bxd3 7. Qxd3 Nbd7 8.
e4 dxe4 9. Nxe4 Be7 10. h4 h6 11. Bd2 Qc7 12. O-O-O O-O-O 13. g3 Nxe4 14. Qxe4
Kb8 15. c4 c5 16. Kb1 a6 17. Bc3 Bf6 18. Rhe1 Rhe8 19. Qc2 cxd4 20. Bxd4 Bxd4
21. Rxd4 e5 22. Rd5 f6 23. h5 Nb6 24. Rxd8+ Rxd8 25. Rc1 Qd7 26. Nh4 Qg4 27. c5
Na8 28. c6 Rc8 29. Qf5 Qg5 30. Qxg5 hxg5 31. Nf5 bxc6 32. Nxg7 Nb6 33. Nf5 Rh8
34. Rxc6 Kb7 35. Rxf6 Rxh5 36. Nd6+ Kc7 37. Ne4 Rh1+ 38. Kc2 Re1 39. Nc3 g4 40.
Rg6 Rf1 41. Ne4 Re1 42. Rxg4 Re2+ 43. Kb3 a5 44. a4 Nd7 45. Kc3 Nb6 46. b3 Nd5+
47. Kd3 Rb2 48. Kc4 Nb6+ 49. Kc3 Re2 50. Rg7+ Kc6 51. Rg6+ Kc7 52. Kd3 Rb2 53.
Nc5 1-0

[Event "Hurtigskak DM 2023"]
[Site "Hvidovre"]
[Date "2023.05.13"]
[Round "1.3"]
[White "Christensen, Janus"]
[Black "Thybo, Jesper Sondergaard"]
[Result "0-1"]
[WhiteElo "2141"]
[BlackElo "2509"]
[PlyCount "62"]
[EventDate "2023.05.13"]
[EventType "swiss"]
[EventRounds "7"]
[EventCountry "DEN"]
[SourceTitle "Live v. Kasper Jerwiarz"]

1. e4 c5 2. Nf3 Nc6 3. d4 cxd4 4. Nxd4 Nf6 5. Nc3 e5 6. Ndb5 d6 7. Bg5 a6 8.
Bxf6 gxf6 9. Na3 b5 10. Nd5 f5 11. exf5 Bxf5 12. c3 Bg7 13. Qf3 Be6 14. Bd3 O-O
15. Bf5 Qg5 16. Ne3 Ne7 17. Be4 d5 18. Bc2 d4 19. h4 Qf4 20. Qh5 Rfc8 21. Bxh7+
Kf8 22. g3 Qf6 23. Nd1 dxc3 24. Nxc3 b4 25. Ne4 Qh6 26. Qxh6 Bxh6 27. O-O bxa3
28. bxa3 Kg7 29. Nd6 Kxh7 30. Nxc8 Rxc8 31. Rfd1 Nd5 0-1

[Event "Hurtigskak DM 2023"]
[Site "Hvidovre"]
[Date "2023.05.13"]
[Round "1.4"]
[White "Hagen, Andreas Skytte"]
[Black "Jarlskov, Daniel Tuk Hartso"]
[Result "1-0"]
[WhiteElo "2363"]
[BlackElo "2023"]
[PlyCount "47"]
[EventDate "2023.05.13"]
[EventType "swiss"]
[EventRounds "7"]
[EventCountry "DEN"]
[SourceTitle "Live v. Kasper Jerwiarz"]

1. e4 c6 2. d4 d5 3. e5 c5 4. dxc5 e6 5. a3 Bxc5 6. Nf3 Qc7 7. b4 Be7 8. Bb2
Nh6 9. Bd3 Nd7 10. O-O b6 11. Nbd2 Bb7 12. Rc1 O-O 13. c4 Qb8 14. cxd5 Bxd5 15.
Qc2 g6 16. Qc7 Qb7 17. Qxb7 Bxb7 18. Rc7 Bc8 19. Be4 Rb8 20. Rfc1 f6 21. Nd4
Bd8 22. Rxc8 Rxc8 23. Rxc8 Nxe5 24. Nxe6 1-0

[Event "Hurtigskak DM 2023"]
[Site "Hvidovre"]
[Date "2023.05.13"]
[Round "1.5"]
[White "Gregor, Bjarke"]
[Black "Fedder, Steen"]
[Result "1/2-1/2"]
[WhiteElo "2095"]
[BlackElo "2380"]
[PlyCount "79"]
[EventDate "2023.05.13"]
[EventType "swiss"]
[EventRounds "7"]
[EventCountry "DEN"]
[SourceTitle "Live v. Kasper Jerwiarz"]

1. e4 e5 2. Nf3 Nc6 3. Bc4 Bc5 4. c3 Qe7 5. O-O d6 6. d4 Bb6 7. h3 Nf6 8. Re1
h6 9. a4 a5 10. Na3 g5 11. d5 Nb8 12. Bb5+ Bd7 13. Nc4 Bc5 14. Be3 Bxe3 15.
Nxe3 Nxe4 16. Qc2 Nc5 17. Nf5 Qf6 18. b4 axb4 19. cxb4 Nca6 20. g4 Kf8 21. Qe4
Bxf5 22. gxf5 h5 23. h4 gxh4 24. Kh2 Nd7 25. Bxd7 Ke7 26. Bb5 Rhg8 27. Rg1 Nxb4
28. Qxb4 Qxf5 29. Qxh4+ f6 30. Nd4 exd4 31. Rae1+ Kf7 32. Rxg8 Rxg8 33. Rg1
Rxg1 34. Kxg1 Qxd5 35. Qh3 Qg5+ 36. Kf1 Qc1+ 37. Kg2 Qg5+ 38. Kf1 Qc1+ 39. Kg2
Qg5+ 40. Kf1 1/2-1/2

[Event "Hurtigskak DM 2023"]
[Site "Hvidovre"]
[Date "2023.05.13"]
[Round "1.6"]
[White "Olsen, Filip Boe"]
[Black "Topholm, Morten"]
[Result "1-0"]
[WhiteElo "2435"]
[BlackElo "2063"]
[PlyCount "65"]
[EventDate "2023.05.13"]
[EventType "swiss"]
[EventRounds "7"]
[EventCountry "DEN"]
[SourceTitle "Live v. Kasper Jerwiarz"]

1. d4 e6 2. Nf3 f5 3. g3 Nf6 4. Bg2 d5 5. O-O Bd6 6. Bf4 Bxf4 7. gxf4 O-O 8. c4
c6 9. Nbd2 Kh8 10. Rc1 Ne4 11. Ne5 Nxd2 12. Qxd2 Nd7 13. Qe3 Rf6 14. Rc3 Nxe5
15. Qxe5 Rh6 16. Rd1 Bd7 17. Rdd3 Qb8 18. Rg3 Qxe5 19. dxe5 Rh4 20. e3 Be8 21.
Rb3 Rb8 22. Ra3 Ra8 23. c5 Bh5 24. Rh3 Rxh3 25. Bxh3 Be2 26. Bf1 Bf3 27. Rb3
Rb8 28. Ba6 b5 29. Rb4 Bd1 30. Kf1 Bf3 31. a4 g5 32. axb5 cxb5 33. c6 1-0

[Event "Hurtigskak DM 2023"]
[Site "Hvidovre"]
[Date "2023.05.13"]
[Round "1.7"]
[White "Eriksson, Christian Altenburg"]
[Black "Hansen, Jacob Ost"]
[Result "0-1"]
[WhiteElo "2151"]
[BlackElo "2338"]
[PlyCount "50"]
[EventDate "2023.05.13"]
[EventType "swiss"]
[EventRounds "7"]
[EventCountry "DEN"]
[SourceTitle "Live v. Kasper Jerwiarz"]

1. e4 c5 2. c3 d5 3. exd5 Qxd5 4. d4 Nf6 5. Nf3 e6 6. Be3 cxd4 7. cxd4 Nc6 8.
Nc3 Qd6 9. Bd3 Be7 10. O-O O-O 11. Qe2 a6 12. Rad1 Nb4 13. Bb1 Bd7 14. Ne5 Nbd5
15. Bg5 Rac8 16. Rfe1 Nxc3 17. bxc3 Rxc3 18. Bxf6 Bxf6 19. Qe4 g6 20. Qxb7 Ba4
21. Rd2 Bxe5 22. Qb2 Bxh2+ 23. Kh1 Rfc8 24. d5 Bf4 25. Rde2 Qxd5 0-1

[Event "Hurtigskak DM 2023"]
[Site "Hvidovre"]
[Date "2023.05.13"]
[Round "1.8"]
[White "Boe, Mads"]
[Black "Meskenas, Paulius"]
[Result "0-1"]
[WhiteElo "2283"]
[BlackElo "2159"]
[PlyCount "92"]
[EventDate "2023.05.13"]
[EventType "swiss"]
[EventRounds "7"]
[EventCountry "DEN"]
[SourceTitle "Live v. Kasper Jerwiarz"]

1. d4 Nf6 2. Nf3 d5 3. Bg5 Bf5 4. Bxf6 exf6 5. e3 Nd7 6. Bd3 Be6 7. O-O Bd6 8.
Nbd2 c6 9. c4 O-O 10. Qc2 g6 11. a3 f5 12. b4 a6 13. c5 Bc7 14. a4 Re8 15. b5
Qf6 16. bxa6 bxa6 17. Rab1 Nf8 18. Rb6 Bxb6 19. cxb6 Bc8 20. Ne5 Bb7 21. a5 Qd6
22. Nb3 Ne6 23. Rc1 f6 24. Nf3 f4 25. exf4 Qxf4 26. Qd2 Qd6 27. Bf1 Rac8 28.
Qc3 Re7 29. Ne1 c5 30. dxc5 Qd7 31. Qxf6 Rf7 32. Qe5 Rf5 33. Qg3 d4 34. Bc4 Bd5
35. Bxa6 Ra8 36. Bc4 Bxc4 37. Rxc4 Qb5 38. Qd3 Re8 39. Rc1 Qa4 40. g3 Ng5 41.
h4 Nh3+ 42. Kh2 Rxf2+ 43. Kxh3 Qd7+ 44. g4 Re3+ 45. Qxe3 dxe3 46. c6 Qd6 0-1

[Event "Hurtigskak DM 2023"]
[Site "Hvidovre"]
[Date "2023.05.13"]
[Round "1.9"]
[White "Skou, Niels"]
[Black "Hoi, Carsten"]
[Result "1-0"]
[WhiteElo "2104"]
[BlackElo "2333"]
[PlyCount "77"]
[EventDate "2023.05.13"]
[EventType "swiss"]
[EventRounds "7"]
[EventCountry "DEN"]
[SourceTitle "Live v. Kasper Jerwiarz"]

1. d4 d5 2. c4 dxc4 3. Nf3 Nf6 4. e3 Bg4 5. Bxc4 e6 6. O-O Nc6 7. h3 Bh5 8. Nc3
a6 9. b3 Bb4 10. Bb2 O-O 11. Rc1 Qe7 12. Be2 Rad8 13. Nd2 Bxe2 14. Qxe2 e5 15.
dxe5 Nxe5 16. Rc2 Nd3 17. Ba1 Rd7 18. Nf3 c5 19. Na4 b5 20. Nb2 Rfd8 21. Nxd3
Rxd3 22. Nd4 Qe4 23. Nf3 Qf5 24. Rfc1 h6 25. Bc3 Bxc3 26. Rxc3 Rxc3 27. Rxc3
Ne4 28. Rc1 Qd5 29. Qc2 f5 30. Kf1 g5 31. Re1 Kf7 32. Kg1 g4 33. hxg4 fxg4 34.
Nh4 Qe5 35. Rf1 Rd2 36. Qb1 Kg7 37. f3 Nc3 38. Qg6+ Kf8 39. fxg4+ 1-0

[Event "Hurtigskak DM 2023"]
[Site "Hvidovre"]
[Date "2023.05.13"]
[Round "1.10"]
[White "Sylvan, Jacob"]
[Black "Dalberg, Preben Schavitshy"]
[Result "1-0"]
[WhiteElo "2325"]
[BlackElo "2065"]
[PlyCount "57"]
[EventDate "2023.05.13"]
[EventType "swiss"]
[EventRounds "7"]
[EventCountry "DEN"]
[SourceTitle "Live v. Kasper Jerwiarz"]

1. d4 d5 2. Nf3 Nf6 3. g3 c6 4. Bg2 Bf5 5. c4 e6 6. Qb3 Qb6 7. c5 Qxb3 8. axb3
Nbd7 9. b4 a6 10. Nc3 Be7 11. b5 O-O 12. b6 Rae8 13. Bf4 Ne4 14. O-O Nxc3 15.
bxc3 Be4 16. Nd2 Bxg2 17. Kxg2 f6 18. Nb3 e5 19. Bd2 f5 20. Na5 Rb8 21. Rfb1 g5
22. c4 exd4 23. cxd5 Bxc5 24. dxc6 bxc6 25. b7 f4 26. Nxc6 fxg3 27. hxg3 Rf6
28. Nxb8 Nxb8 29. Bxg5 1-0

[Event "Hurtigskak DM 2023"]
[Site "Hvidovre"]
[Date "2023.05.13"]
[Round "2.1"]
[White "Kistrup, Nicolai"]
[Black "Hector, Jonny"]
[Result "0-1"]
[WhiteElo "2300"]
[BlackElo "2474"]
[PlyCount "102"]
[EventDate "2023.05.13"]
[EventType "swiss"]
[EventRounds "7"]
[EventCountry "DEN"]
[SourceTitle "Live v. Kasper Jerwiarz"]

1. d4 d5 2. c4 c6 3. Nf3 Nf6 4. g3 Bf5 5. Nc3 e6 6. Nh4 dxc4 7. Nxf5 exf5 8. e3
Nbd7 9. Bxc4 Nb6 10. Bb3 Bd6 11. O-O O-O 12. f3 c5 13. Nb5 Be7 14. dxc5 Bxc5
15. Qc2 Qe7 16. Qxf5 Bxe3+ 17. Kh1 g6 18. Qd3 Bxc1 19. Raxc1 Rad8 20. Qc2 Nfd5
21. Rfe1 Qd7 22. Qd3 a6 23. Nc3 Nb4 24. Qe3 N6d5 25. Nxd5 Nxd5 26. Qd4 Qf5 27.
Qe4 Qxe4 28. Rxe4 Rd7 29. Rd4 Rfd8 30. Rc5 Ne3 31. Rxd7 Rxd7 32. Re5 Nf5 33.
Re2 Rd3 34. Kg2 Nd4 35. Bc4 Rd1 36. Rf2 b5 37. Bd5 Nf5 38. Bb3 Ne3+ 39. Kh3 Rd3
40. Re2 a5 41. Bc2 Nxc2 42. Rxc2 Rxf3 43. Rc5 Rf5 44. Rxf5 gxf5 45. Kh4 h6 46.
Kh5 Kg7 47. Kh4 Kg6 48. Kh3 Kg5 49. Kg2 f4 50. Kf3 fxg3 51. hxg3 f5 0-1

[Event "Hurtigskak DM 2023"]
[Site "Hvidovre"]
[Date "2023.05.13"]
[Round "2.2"]
[White "Thybo, Jesper Sondergaard"]
[Black "Lauridsen, Jesper Morch"]
[Result "1-0"]
[WhiteElo "2509"]
[BlackElo "2309"]
[PlyCount "55"]
[EventDate "2023.05.13"]
[EventType "swiss"]
[EventRounds "7"]
[EventCountry "DEN"]
[SourceTitle "Live v. Kasper Jerwiarz"]

1. Nf3 d5 2. g3 Nf6 3. Bg2 e6 4. O-O c5 5. d4 cxd4 6. Nxd4 Bc5 7. Nb3 Bb6 8. c4
O-O 9. cxd5 exd5 10. Nc3 d4 11. Na4 Nc6 12. Nxb6 axb6 13. Bg5 Re8 14. e3 d3 15.
Bxf6 gxf6 16. a3 Bf5 17. Rc1 Qd7 18. Rc3 Rad8 19. Nd2 Kg7 20. Qb3 Bh3 21. Qxb6
Bxg2 22. Kxg2 Ne5 23. Rc7 Qf5 24. e4 Qh5 25. f3 Re6 26. Qxe6 Qh6 27. f4 Rf8 28.
Qh3 1-0

[Event "Hurtigskak DM 2023"]
[Site "Hvidovre"]
[Date "2023.05.13"]
[Round "2.3"]
[White "Ostergaard, Jens"]
[Black "Hagen, Andreas Skytte"]
[Result "1/2-1/2"]
[WhiteElo "2278"]
[BlackElo "2363"]
[PlyCount "131"]
[EventDate "2023.05.13"]
[EventType "swiss"]
[EventRounds "7"]
[EventCountry "DEN"]
[SourceTitle "Live v. Kasper Jerwiarz"]

1. d4 Nf6 2. Nf3 g6 3. c4 Bg7 4. Nc3 O-O 5. e4 d6 6. Be2 e5 7. O-O Nc6 8. Be3
Ng4 9. Bg5 f6 10. Bc1 f5 11. d5 Ne7 12. exf5 gxf5 13. Ng5 Nf6 14. f4 h6 15. Ne6
Bxe6 16. dxe6 Qc8 17. Nd5 Nfxd5 18. cxd5 c6 19. fxe5 cxd5 20. exd6 Qc5+ 21. Kh1
Qxd6 22. Bf4 Qxe6 23. Bf3 Rad8 24. Re1 Qf7 25. Qc1 Kh7 26. Qc5 Ng6 27. Bh5 Qf6
28. Bxg6+ Qxg6 29. Qxa7 Rd7 30. Qa4 Rfd8 31. Rac1 Bxb2 32. Rc2 Bg7 33. Bc7 Re8
34. Rxe8 Qxe8 35. Bg3 Re7 36. Qxe8 Rxe8 37. Kg1 Re7 38. Kf2 Kg6 39. Kf3 Bd4 40.
Bf4 Bf6 41. Rc8 d4 42. Rg8+ Bg7 43. Bd6 Re3+ 44. Kf2 Kf7 45. Rb8 Ke6 46. Bf4
Ra3 47. Rxb7 Rxa2+ 48. Kf3 Ra3+ 49. Kf2 Bf8 50. Rb8 Be7 51. Bxh6 Bd6 52. Rb6
Ke5 53. h4 Bc5 54. Rb5 Rc3 55. Ke1 Ke4 56. Bd2 Rc4 57. h5 Bd6 58. h6 Rc7 59.
Rb6 Bg3+ 60. Kd1 Rh7 61. Rg6 Bf4 62. Bxf4 Kxf4 63. Kd2 Ke4 64. Re6+ Kd5 65. Rg6
Ke4 66. Re6+ 1/2-1/2

[Event "Hurtigskak DM 2023"]
[Site "Hvidovre"]
[Date "2023.05.13"]
[Round "2.4"]
[White "Nielsen, Lars Aaes"]
[Black "Olsen, Filip Boe"]
[Result "0-1"]
[WhiteElo "2189"]
[BlackElo "2435"]
[PlyCount "66"]
[EventDate "2023.05.13"]
[EventType "swiss"]
[EventRounds "7"]
[EventCountry "DEN"]
[SourceTitle "Live v. Kasper Jerwiarz"]

1. e4 c6 2. c4 d5 3. exd5 cxd5 4. cxd5 Nf6 5. Bb5+ Nbd7 6. Nc3 g6 7. d4 Bg7 8.
d6 e6 9. Nf3 O-O 10. O-O Nb6 11. Bf4 Nh5 12. Be5 f6 13. Bg3 Nxg3 14. hxg3 Qxd6
15. Re1 a6 16. Ba4 Nxa4 17. Qxa4 Kh8 18. Rad1 b6 19. Qb3 Re8 20. d5 e5 21. Ne4
Qd8 22. Rd2 Ra7 23. a4 a5 24. Nc3 Rd7 25. Nb5 Ba6 26. d6 Bxb5 27. Qxb5 Re6 28.
Red1 Rdxd6 29. Qc6 Bf8 30. Qc3 Bh6 31. Nxe5 Bxd2 32. Nf7+ Kg8 33. Nxd8 Bxc3 0-1

[Event "Hurtigskak DM 2023"]
[Site "Hvidovre"]
[Date "2023.05.13"]
[Round "2.5"]
[White "Hansen, Jacob Ost"]
[Black "Thorsbro, Peter"]
[Result "1/2-1/2"]
[WhiteElo "2338"]
[BlackElo "2165"]
[PlyCount "75"]
[EventDate "2023.05.13"]
[EventType "swiss"]
[EventRounds "7"]
[EventCountry "DEN"]
[SourceTitle "Live v. Kasper Jerwiarz"]

1. g3 d5 2. Nf3 Nf6 3. Bg2 e6 4. O-O Be7 5. d3 O-O 6. Nbd2 b6 7. e4 dxe4 8.
dxe4 Bb7 9. Qe2 c5 10. e5 Nd5 11. a3 Nc6 12. c4 Nc7 13. b3 Qc8 14. Bb2 Rd8 15.
Rad1 Ne8 16. Ne4 Qc7 17. h4 Rxd1 18. Rxd1 Rd8 19. Rxd8 Qxd8 20. Kh2 h6 21. Bc3
Bf8 22. g4 Be7 23. h5 Nc7 24. Kh3 Ba8 25. Bb2 Na5 26. Nfd2 Qd7 27. Kg3 Nc6 28.
f4 a6 29. Bh3 Nd4 30. Qf2 Nxb3 31. Qe3 Nxd2 32. Nxd2 b5 33. Bf1 Qc6 34. Qf2 b4
35. Bd3 Qd7 36. Qe3 a5 37. Ne4 Bxe4 38. Qxe4 1/2-1/2

[Event "Hurtigskak DM 2023"]
[Site "Hvidovre"]
[Date "2023.05.13"]
[Round "2.6"]
[White "Meskenas, Paulius"]
[Black "Sylvan, Jacob"]
[Result "1-0"]
[WhiteElo "2159"]
[BlackElo "2325"]
[PlyCount "87"]
[EventDate "2023.05.13"]
[EventType "swiss"]
[EventRounds "7"]
[EventCountry "DEN"]
[SourceTitle "Live v. Kasper Jerwiarz"]

1. e4 c5 2. Nf3 e6 3. c3 Nf6 4. e5 Nd5 5. d4 cxd4 6. cxd4 d6 7. Be2 Nc6 8. O-O
Be7 9. a3 O-O 10. Qc2 Bd7 11. Rd1 Rc8 12. Qe4 f5 13. exf6 Nxf6 14. Qd3 d5 15.
Nbd2 a6 16. Nf1 Na5 17. b4 Nc4 18. Ne3 b5 19. Ne5 Nxe5 20. dxe5 Ne4 21. Bf3 Nc3
22. Re1 Be8 23. Qd4 Bg6 24. Bg4 Qd7 25. f3 Bd8 26. Kh1 Na4 27. Qxd5 Qxd5 28.
Nxd5 Bf5 29. Ne3 Bxg4 30. Nxg4 Bb6 31. Be3 Rfd8 32. Nf2 Rc2 33. Ne4 Bxe3 34.
Rxe3 Nb2 35. f4 Rd4 36. Nc5 Rxf4 37. Nxe6 Rg4 38. Rf1 h6 39. g3 Nc4 40. Ree1 h5
41. Rf3 h4 42. Nf4 Nd2 43. Rd3 Kf8 44. e6 1-0

[Event "Hurtigskak DM 2023"]
[Site "Hvidovre"]
[Date "2023.05.13"]
[Round "2.7"]
[White "Nielsen, Viktor Haarmark"]
[Black "Pedersen, Jan Nordenbaek"]
[Result "1/2-1/2"]
[WhiteElo "2335"]
[BlackElo "2148"]
[PlyCount "169"]
[EventDate "2023.05.13"]
[EventType "swiss"]
[EventRounds "7"]
[EventCountry "DEN"]
[SourceTitle "Live v. Kasper Jerwiarz"]

1. d4 Nf6 2. c4 g6 3. Nc3 Bg7 4. e4 d6 5. Nf3 O-O 6. Be2 e5 7. Be3 exd4 8. Nxd4
Re8 9. Qc2 Ng4 10. Bxg4 Bxg4 11. O-O Nc6 12. Qd2 a5 13. f3 Be6 14. b3 Qd7 15.
Rac1 f5 16. exf5 Bxf5 17. Nd5 Nb4 18. Nxf5 gxf5 19. Bd4 Nc6 20. Nf6+ Bxf6 21.
Bxf6 Qf7 22. Bb2 Re6 23. Rce1 Rae8 24. Qc3 Ne5 25. f4 Ng6 26. Rxe6 Rxe6 27.
Qxa5 b6 28. Qd2 Re4 29. g3 h5 30. Re1 Rxe1+ 31. Qxe1 h4 32. Qe2 hxg3 33. hxg3
Kf8 34. Kg2 Ne7 35. Qf3 d5 36. Be5 c6 37. Qd3 Ke8 38. Qd4 c5 39. Qd3 Qe6 40.
Kf2 dxc4 41. bxc4 Qh6 42. Kg2 Qc6+ 43. Qf3 Qe6 44. Qh5+ Kd7 45. Qe2 Qc6+ 46.
Qf3 Qe6 47. Qd3+ Ke8 48. Bc3 Qc6+ 49. Kg1 Qe6 50. a4 Qc6 51. a5 bxa5 52. Bxa5
Qa8 53. Bc3 Qc6 54. Be5 Kf7 55. Qe2 Qg6 56. Qd3 Qe6 57. Bd6 Nc6 58. Bxc5 Na5
59. Qd5 Nxc4 60. Qb7+ Kg6 61. Bf8 Qe1+ 62. Kh2 Qe2+ 63. Qg2 Qh5+ 64. Kg1 Qd1+
65. Qf1 Qd4+ 66. Qf2 Qd1+ 67. Kg2 Qd5+ 68. Kh2 Qd2 69. Bc5 Qxf2+ 70. Bxf2 Nd2
71. Kg2 Ne4 72. Kf3 Nf6 73. Bd4 Ng4 74. Ke2 Nh6 75. Kf3 Ng4 76. Be5 Nh2+ 77.
Kg2 Ng4 78. Bc7 Kh5 79. Bd8 Nh6 80. Kf3 Ng4 81. Bh4 Kg6 82. Bg5 Kf7 83. Ke2 Ke6
84. Kd3 Kd5 85. Bh4 1/2-1/2

[Event "Hurtigskak DM 2023"]
[Site "Hvidovre"]
[Date "2023.05.13"]
[Round "2.8"]
[White "Jalving, August"]
[Black "Bang, Andreas"]
[Result "0-1"]
[WhiteElo "1962"]
[BlackElo "2287"]
[PlyCount "172"]
[EventDate "2023.05.13"]
[EventType "swiss"]
[EventRounds "7"]
[EventCountry "DEN"]
[SourceTitle "Live v. Kasper Jerwiarz"]

1. e4 c6 2. d4 d5 3. Nc3 dxe4 4. Nxe4 Nf6 5. Nxf6+ exf6 6. c3 Bd6 7. Bd3 O-O 8.
Qc2 Re8+ 9. Ne2 Kh8 10. O-O Qc7 11. Ng3 Nd7 12. Bd2 Nf8 13. Rfe1 Be6 14. c4
Rad8 15. Be3 g6 16. Rad1 Bg4 17. f3 Bc8 18. Bf2 Rxe1+ 19. Rxe1 Ne6 20. d5 cxd5
21. cxd5 Nf4 22. Qxc7 Bxc7 23. Bc4 Kg7 24. Rc1 b6 25. h3 Bb7 26. Bd4 Bxd5 27.
Bxd5 Nxd5 28. Ne4 Be5 29. Bxe5 fxe5 30. Rd1 Rd7 31. Rc1 f5 32. Nc3 Rc7 33. Kf2
Nxc3 34. bxc3 Kf6 35. Ke3 Rc4 36. Kd3 Ra4 37. Rc2 Ke6 38. Rd2 Ra5 39. Kc4 Rc5+
40. Kb3 Rd5 41. Re2 Kd6 42. Kc4 Kc6 43. a4 Rc5+ 44. Kb4 Kd5 45. Rd2+ Ke6 46. c4
Rc7 47. Rd8 e4 48. fxe4 fxe4 49. Kc3 Ke5 50. Re8+ Kf4 51. Kd4 Rd7+ 52. Kc3 e3
53. Rf8+ Ke4 54. Re8+ Kf4 55. Rf8+ Kg3 56. Rf3+ Kxg2 57. Rxe3 g5 58. a5 bxa5
59. c5 h5 60. Kc4 g4 61. hxg4 hxg4 62. c6 Rf7 63. Kc5 Kf2 64. Rb3 g3 65. Rb2+
Kf3 66. Rb3+ Kg4 67. Rb8 g2 68. Kd6 Kf3 69. Rb3+ Kf2 70. Rb2+ Kg3 71. Rb1 Kh2
72. Rb2 Kh1 73. c7 Rxc7 74. Rxg2 Kxg2 75. Kxc7 a4 76. Kc6 a3 77. Kb5 a2 78. Kc6
a1=Q 79. Kb5 Qf6 80. Kc5 Kf3 81. Kb5 Ke4 82. Kc5 Qe6 83. Kb5 Kd4 84. Ka5 Qb6+
85. Ka4 Kc3 86. Ka3 Qa5# 0-1

[Event "Hurtigskak DM 2023"]
[Site "Hvidovre"]
[Date "2023.05.13"]
[Round "2.9"]
[White "Pedersen, Daniel Vesterbaek"]
[Black "Skou, Niels"]
[Result "0-1"]
[WhiteElo "2212"]
[BlackElo "2104"]
[PlyCount "80"]
[EventDate "2023.05.13"]
[EventType "swiss"]
[EventRounds "7"]
[EventCountry "DEN"]
[SourceTitle "Live v. Kasper Jerwiarz"]

1. e4 e5 2. Nf3 Nc6 3. Nc3 Nf6 4. g3 Bc5 5. Bg2 d6 6. O-O O-O 7. d3 Re8 8. Na4
Bb6 9. Nxb6 axb6 10. h3 Be6 11. a3 d5 12. Ng5 dxe4 13. Nxe6 Rxe6 14. dxe4 Qxd1
15. Rxd1 Nd4 16. c3 Nb3 17. Rb1 Nxc1 18. Rbxc1 Kf8 19. Rd2 Ree8 20. Rcd1 Ke7
21. f4 Red8 22. Kf2 Rxd2+ 23. Rxd2 Nd7 24. Ke3 f6 25. h4 Ra4 26. Bf3 g6 27. Bd1
Ra5 28. h5 exf4+ 29. gxf4 g5 30. Bg4 gxf4+ 31. Kxf4 Ne5 32. Bf5 h6 33. Rg2 Kf7
34. Rd2 Ke7 35. Rg2 Kf7 36. Bc8 Ra7 37. Kf5 Ra5 38. Be6+ Ke7 39. Rg7+ Nf7+ 40.
Kg6 Rg5+ 0-1

[Event "Hurtigskak DM 2023"]
[Site "Hvidovre"]
[Date "2023.05.13"]
[Round "2.10"]
[White "Nielsen Refs, Karl Emil Elmer"]
[Black "Jaksland, Tim"]
[Result "0-1"]
[WhiteElo "2056"]
[BlackElo "2117"]
[PlyCount "68"]
[EventDate "2023.05.13"]
[EventType "swiss"]
[EventRounds "7"]
[EventCountry "DEN"]
[SourceTitle "Live v. Kasper Jerwiarz"]

1. d4 Nf6 2. c4 c5 3. d5 b5 4. cxb5 a6 5. bxa6 g6 6. Nc3 Bxa6 7. Nf3 Bg7 8. g3
d6 9. Bg2 O-O 10. O-O Nbd7 11. Rb1 Nb6 12. b3 Bb7 13. Nh4 Qd7 14. h3 Rfb8 15.
Kh2 Ne8 16. Bd2 Nc7 17. e4 Ba6 18. Re1 Bd3 19. Rc1 c4 20. f4 Nb5 21. e5 dxe5
22. fxe5 Nxc3 23. Bxc3 Rxa2 24. bxc4 Bxc4 25. e6 fxe6 26. Bxg7 Kxg7 27. Rxc4
Nxc4 28. Qd4+ Kg8 29. Rxe6 Rbb2 30. Qxc4 Rc2 31. Qd4 g5 32. Qg4 Qxd5 33. Re4
Kh8 34. Qc8+ Rxc8 0-1

[Event "Hurtigskak DM 2023"]
[Site "Hvidovre"]
[Date "2023.05.13"]
[Round "3.1"]
[White "Hector, Jonny"]
[Black "Bang, Andreas"]
[Result "1-0"]
[WhiteElo "2474"]
[BlackElo "2287"]
[PlyCount "65"]
[EventDate "2023.05.13"]
[EventType "swiss"]
[EventRounds "7"]
[EventCountry "DEN"]
[SourceTitle "Live v. Kasper Jerwiarz"]

1. e4 c6 2. Nc3 d5 3. Nf3 dxe4 4. Nxe4 Nf6 5. Qe2 Nxe4 6. Qxe4 Nd7 7. Bc4 Nf6
8. Ne5 e6 9. Qe2 Be7 10. c3 c5 11. O-O O-O 12. d4 cxd4 13. Rd1 Qa5 14. cxd4 Rd8
15. Bg5 Bd7 16. Rac1 Be8 17. Bb3 Rac8 18. Bd2 Qb6 19. Bc3 Nd5 20. Qf3 f6 21.
Nc4 Qa6 22. Ne3 Bc6 23. Be1 b5 24. Qh3 f5 25. Nc2 Bb7 26. Bd2 Qd6 27. Qg3 Qxg3
28. hxg3 Bf6 29. Ba5 Re8 30. Kf1 Kf7 31. Ke2 Nb6 32. Ne3 Nd5 33. Rc5 1-0

[Event "Hurtigskak DM 2023"]
[Site "Hvidovre"]
[Date "2023.05.13"]
[Round "3.2"]
[White "Jaksland, Tim"]
[Black "Thybo, Jesper Sondergaard"]
[Result "0-1"]
[WhiteElo "2117"]
[BlackElo "2509"]
[PlyCount "44"]
[EventDate "2023.05.13"]
[EventType "swiss"]
[EventRounds "7"]
[EventCountry "DEN"]
[SourceTitle "Live v. Kasper Jerwiarz"]

1. e4 c5 2. c3 e5 3. Nf3 Nc6 4. Bc4 Nf6 5. Qe2 Be7 6. O-O O-O 7. d4 cxd4 8.
cxd4 exd4 9. Rd1 Bc5 10. e5 d5 11. exf6 dxc4 12. Qxc4 Bb6 13. Bg5 gxf6 14. Bh6
Re8 15. Nc3 Bf5 16. Qb5 Bg6 17. Nd5 d3 18. Nf4 Nd4 19. Nxd4 Qxd4 20. Rd2 Re5
21. Qb3 Rae8 22. Kf1 Re2 0-1

[Event "Hurtigskak DM 2023"]
[Site "Hvidovre"]
[Date "2023.05.13"]
[Round "3.3"]
[White "Olsen, Filip Boe"]
[Black "Meskenas, Paulius"]
[Result "1/2-1/2"]
[WhiteElo "2435"]
[BlackElo "2159"]
[PlyCount "82"]
[EventDate "2023.05.13"]
[EventType "swiss"]
[EventRounds "7"]
[EventCountry "DEN"]
[SourceTitle "Live v. Kasper Jerwiarz"]

1. d4 Nf6 2. Nf3 d5 3. Bf4 e6 4. e3 c5 5. Nbd2 Bd6 6. Bg3 Qc7 7. Rc1 Bxg3 8.
hxg3 Nbd7 9. c4 Qd6 10. cxd5 exd5 11. dxc5 Nxc5 12. Qc2 Ne6 13. g4 Nxg4 14.
Rxh7 Rxh7 15. Qxh7 Bd7 16. Qh8+ Qf8 17. Qh5 Nf6 18. Qe5 Qb4 19. a3 Qb6 20. b4
a5 21. b5 a4 22. Nd4 Kf8 23. Nxe6+ Bxe6 24. Qc7 Qxc7 25. Rxc7 Rb8 26. Bd3 Ne8
27. Rc5 Ke7 28. b6 Ra8 29. Nb1 Kd6 30. Rc2 Bd7 31. Nc3 Ra5 32. Rb2 Kc5 33. e4
d4 34. Nd5 Bc6 35. Rc2+ Kd6 36. Nb4 Rc5 37. Rd2 Rc3 38. Bc2 Rc4 39. Bd3 Rc3 40.
Bc2 Rc4 41. Bd3 Rc3 1/2-1/2